000 00336nam a22001337a 4500
999 _c12182
_d12182
020 _a978-81-315-1787-1
082 _a621.3
100 _aP.V.Prasad
245 _aElectrical Engineering Concepts and Applications
260 _aNew Delhi
_bCengage Learning
_c2012
300 _a645
650 _aElectrical Engineering
942 _cBK